| Tag |
First Indicator |
Second Indicator |
Subfields |
| LEADER |
00000cam a2200000 a 4500 |
| 001 |
in00002783366 |
| 005 |
20150922144811.0 |
| 008 |
120403s2012 nyuab b 001 0 eng |
| 010 |
|
|
|a 2012013162
|
| 020 |
|
|
|a 9780230116870 (hardback)
|
| 020 |
|
|
|a 0230116876 (hardback)
|
| 035 |
|
|
|a (OCoLC)ocn738335500
|
| 040 |
|
|
|a DLC
|c DLC
|d UtOrBLW
|
| 049 |
|
|
|a TXAM
|
| 050 |
0 |
0 |
|a G860
|b .G56 2012
|
| 082 |
0 |
0 |
|a 919.89
|2 23
|
| 100 |
1 |
|
|a Glasberg, Elena.
|
| 245 |
1 |
0 |
|a Antarctica as cultural critique :
|b the gendered politics of scientific exploration and climate change /
|c Elena Glasberg.
|
| 264 |
|
1 |
|a New York :
|b Palgrave Macmillan,
|c 2012.
|
| 300 |
|
|
|a xxviii, 174 pages :
|b illustrations, map ;
|c 23 cm.
|
| 336 |
|
|
|a text
|b txt
|2 rdacontent
|
| 337 |
|
|
|a unmediated
|b n
|2 rdamedia
|
| 338 |
|
|
|a volume
|b nc
|2 rdacarrier
|
| 490 |
1 |
|
|a Critical studies in gender, sexuality, and culture
|
| 504 |
|
|
|a Includes bibliographical references and index.
|
| 505 |
0 |
|
|a "Antarctic convergence" and the end of the grid -- Gender and the absent native of Antarctic history -- "Sculpting in ice": Affective data and the market flow -- Roads To Pole: Territorialization without territory and post ecological architecture -- Blanking the landscape and disaster capitalism -- The 100th anniversary of Antarctica's discovery: Time to celebrate?
|
| 520 |
|
|
|a Antarctica as Cultural Critique arrives at an auspicious time in history and on earth. Amid the celebrations of the 100th anniversary of the European "race" to the last place on earth, Antarctica, a continent of ice and without natives, is finally emerging as a center of global concern. Once an impediment to and backdrop for heroic endeavor, the ice itself now focuses dramas of national competition. Antarctica as Cultural Critique creates complex connections between the present ice of environmental crisis and the past through visualizations and photographs of what Ursula Le Guin names the "living ice." Antarctica as Cultural Critique links to new ways of thinking human/ non-human divides and disturbs understandings of gendered relations as fixed and hierarchical, science as progressive and rational, and history as a mode of nostalgia, remembering or simple reinvigoration of power that does not take into consideration the effects of its content and in the case of Antarctica, the radically non-human and shifting ontology of ice itself. On Ice reconfigures the controversy over climate change and disaster capitalism by understanding Antarctica as a cultural object in itself, a site of resource and data extraction, and as workplace for national science. On Ice contributes to new interest in contested/ resistant territories, messy borders, un-rational, uninhabitable and anti-anthropomorphic attachment to territory.
|
| 651 |
|
0 |
|a Antarctica
|x Discovery and exploration.
|
| 650 |
|
0 |
|a Climatic changes
|x History.
|
| 830 |
|
0 |
|a Palgrave Macmillan's critical studies in gender, sexuality, and culture.
|
| 945 |
|
|
|a PromptCat
|
| 946 |
|
|
|a stk
|
| 947 |
|
|
|a A14835932483
|
| 948 |
|
|
|a cataloged
|b h
|c 2012/11/29
|d c
|e dmitchel
|f 10:00:00 am
|
| 994 |
|
|
|a 92
|b TXA
|
| 999 |
|
|
|a MARS
|
| 999 |
f |
f |
|s b2477a43-dfe2-32d3-93bf-d2a1d708777f
|i 05c9c7cf-d135-3443-8f81-7528f6149e75
|t 0
|
| 952 |
f |
f |
|p normal
|a Texas A&M University
|b College Station
|c Sterling C. Evans Library
|d Evans: Library Stacks
|t 0
|e G860 .G56 2012
|h Library of Congress classification
|i unmediated -- volume
|m A14835932483
|
| 998 |
f |
f |
|a G860 .G56 2012
|t 0
|l Evans: Library Stacks
|